Led Zeppelin - Stairway to Heaven Lyrics Quiz - Statistics

General Stats
  • This quiz has been taken 46 times
  • The average score is 28 of 40
Answer Stats
Lyrics % Correct
And she's {buying} a stairway to Heaven
95%
Ooh, ooh, and she's {buying} a stairway to Heaven
95%
There's a {lady} who's sure all that glitters is gold
95%
And it makes me {wonder}
93%
Ooh, it makes me {wonder}
93%
Ooh, it makes me {wonder}
93%
Ooh, makes me {wonder}
93%
Ooh, really makes me {wonder}
93%
There's a sign on {the} {wall}, but she wants to be sure
88%
When she gets there {she} {knows}, if the stores are all closed
88%
And she's buying a {stairway} to Heaven
86%
There's a feeling I get when I look to the {West}
84%
With a word she {can} {get} what she came for
84%
'Cause you know sometimes words have {two} {meanings}
81%
In a tree by the brook, there's a {songbird} who sings
81%
Dear lady, can you hear the {wind} blow? And did you know
79%
And as we wind on down the {road}
74%
And if you {listen} very hard
72%
How everything still turns to {gold}
72%
There's still time to {change} the road you're on
72%
To be a {rock} and not to roll
70%
The piper's {calling} {you} to join him
67%
Sometimes all of our {thoughts} are misgiven
65%
And a new day will dawn for those who {stand} long
63%
And my {spirit} is crying for leaving
63%
If there's a bustle in your {hedgerow}, don't be alarmed now
63%
Our {shadows} taller than our soul
63%
Yes, there are {two} {paths} you can go by, but in the long run
60%
Your stairway {lies} {on} the whispering wind?
58%
Then {the} {piper} will lead us to reason
56%
It's just a {spring} {clean} for the May queen
51%
There {walks} a lady we all know
51%
Your head is {humming}, and it won't go, in case you don't know
51%
And the {voices} of those who stand looking
49%
Who shines {white} {light} and wants to show
49%
And {the} {forests} will echo with laughter
44%
In my thoughts I have seen {rings} {of} {smoke} through the trees
42%
And it's {whispered} that soon if we all call the tune
37%
{The} {tune} will come to you at last
37%
When {all} {are} {one}, and one is all
28%
No matching quizzes found
Score Distribution
Percent of People with Each Score
Percentile by Number Answered
Your Score History
You have not taken this quiz